Normal view
MARC view
- ANSYS (Computer system)
Entry Topical Term
001 - CONTROL NUMBER
- control field: 87458
003 - CONTROL NUMBER IDENTIFIER
- control field: NUST
005 - DATE AND TIME OF LATEST TRANSACTION
- control field: 20220107113012.0
008 - FIXED-LENGTH DATA ELEMENTS
- fixed length control field: 220107|| aca||aabn | a|a d
040 ## - CATALOGING SOURCE
- Original cataloging agency: NUST
- Transcribing agency: NUST
150 ## - HEADING--TOPICAL TERM
- Topical term or geographic name entry element: ANSYS (Computer system)
670 ## - SOURCE DATA FOUND
- Source citation: Work cat.: (NUST)32573: Moaveni, Saeed. 87456, Finite element analysis :, c2003.
